| 000 | 00388cam a2200157ua 4500 | ||
|---|---|---|---|
| 003 | OSt | ||
| 008 | 240320b |||||||| |||| 00| 0 eng d | ||
| 020 | _a0 412 723107 | ||
| 041 | _aeng | ||
| 082 |
_a664.07 _bTEN/FO |
||
| 100 |
_aTennant, David R. _96141 |
||
| 245 | _aFood chemical risk analysis / | ||
| 260 |
_aLondon : _bBlackie & Son Ltd , _c1997. |
||
| 300 | _a ; . | ||
| 942 | _cBK | ||
| 999 |
_c10983 _d10983 |
||